21st century design : new design icons from mass market to avant-garde

محفوظ في:
التفاصيل البيبلوغرافية
المؤلف الرئيسي: FAIRS, Marcus
التنسيق: كتاب
اللغة:الإنجليزية
منشور في: Carlton Books 2013
الوسوم: إضافة وسم
لا توجد وسوم, كن أول من يضع وسما على هذه التسجيلة!

MARC

LEADER 00000nam a22000007a 4500
008 201216b ||||| |||| 00| 0 eng d
020 |a ISBN: 978-1-78313-002-3 
100 |a FAIRS, Marcus. 
245 |a 21st century design  |b : new design icons from mass market to avant-garde  |c Marcus Fairs  |g 463p.; ill. 
250 |b 3rd ed 
260 |b Carlton Books  |c 2013  |h London:   |i 691495  |l NK1397 .F16 
942 |a lcc  |c BK  |e Olagoke,M A  |f 16/12/2020 
952 |0 0  |1 0  |2 lcc  |4 0  |6 NK1397 F16  |7 0  |9 576  |a HOL  |b EDM  |c LP  |d 2020-12-16  |l 0  |o NK1397 .F16  |p 2020-22896  |r 2020-12-16 00:00:00  |w 2020-12-16  |y BK 
952 |0 0  |1 0  |2 lcc  |4 0  |6 NK1397 F16  |7 0  |9 1147  |a HOL  |b HOL  |c LP  |d 2020-12-16  |l 0  |o NK1397 .F16  |p 2020-230354  |r 2020-12-22 00:00:00  |w 2020-12-22  |y BK 
999 |c 318  |d 318